[Event "Moron Faogba op"]
[Site "Moron"]
[Date "2018.03.10"]
[Round "5"]
[White "Bianchi, David"]
[Black "Gonzalez, Domingo"]
[Result "0-1"]
[WhiteElo "1624"]
[BlackElo "1764"]
[PlyCount "98"]
[EventDate "2018.03.03"]
[EventType "swiss"]
[EventRounds "7"]
[EventCountry "ARG"]
[SourceTitle "CBM 183 Extra"]
[Source "ChessBase"]
[SourceDate "2018.04.19"]
[SourceVersion "1"]
[SourceVersionDate "2018.04.19"]
[SourceQuality "1"]

1. e4 d6 2. Nc3 Nf6 3. Bc4 g6 4. f4 c5 5. Bb5+ Bd7 6. Bxd7+ Qxd7 7. Nf3 Nc6 8. d4 cxd4 9. Nxd4 Bg7 10. Be3 Ng4 11. Bg1 e5 12. Ndb5 Rd8 13. Nc7+ Qxc7 14. Qxg4 exf4 15. Nd5 Qa5+ 16. c3 Ne5 17. Qe2 0-0 18. Nxf4 Rfe8 19. Bd4 d5 20. b4 Qc7 21. 0-0 Nc4 22. Qf2 dxe4 23. Ne2 Bxd4 24. Nxd4 Ne5 25. Qg3 e3 26. Qxe3 Nc6 27. Qf2 Nxd4 28. cxd4 Re4 29. Rad1 f5 30. a3 Qc4 31. d5 Rxd5 32. Rxd5 Qxd5 33. Qxa7 Re2 34. Qb8+ Kf7 35. Qg3 b5 36. Qf3 Qd4+ 37. Kh1 Qe4 38. g4 Ke6 39. gxf5+ gxf5 40. Kg1 Qxf3 41. Rxf3 Ke5 42. Rc3 Kd4 43. Rc5 f4 44. Rxb5 Ke3 45. Rc5 Re1+ 46. Kg2 f3+ 47. Kg3 Rg1+ 48. Kh3 f2 49. Rc3+ Kd4 0-1

[Event "ARG-ch Amateur U1700"]
[Site "Suipacha"]
[Date "2017.11.17"]
[Round "2.2"]
[White "Bianchi, David"]
[Black "Berdun, Juan"]
[Result "0-1"]
[WhiteElo "1684"]
[BlackElo "1544"]
[PlyCount "83"]
[EventDate "2017.11.17"]
[EventType "swiss"]
[EventRounds "9"]
[EventCountry "ARG"]
[SourceTitle "EXT 2024"]
[Source "ChessBase"]
[SourceDate "2023.10.10"]
[SourceVersion "1"]
[SourceVersionDate "2023.10.10"]
[SourceQuality "1"]

1. d4 Nf6 2. c4 c6 3. Nc3 d5 4. c5 g6 5. Bf4 Bg7 6. Qd2 Ne4 7. Nxe4 dxe4 8. 0-0-0 e5 9. Bh6 0-0 10. Bxg7 Kxg7 11. Qc3 exd4 12. Rxd4 Qf6 13. h4 h5 14. Qe3 Be6 15. Kb1 Na6 16. Qc3 Rad8 17. e3 Rxd4 18. exd4 Nc7 19. Ne2 Nd5 20. Qg3 Bf5 21. Kc1 Nb4 22. a3 Nd3+ 23. Kc2 Nxf2 24. Rg1 e3+ 25. Kb3 Re8 26. Nf4 Qxd4 27. Bc4 Ne4 28. Nxh5+ Kf8 29. Qf4 Nd2+ 30. Ka4 Qxc4+ 31. Qxc4 Nxc4 32. Nf6 Re6 33. Nh7+ Ke7 34. Kb3 Nd2+ 35. Kc3 Ne4+ 36. Kd4 e2 37. b4 Nxc5 38. g4 e1Q 39. Rxe1 Rxe1 40. gxf5 Nd7 41. fxg6 fxg6 42. Ng5 0-1

[Event "Moron Philidor CC U2200 15th"]
[Site "Buenos Aires"]
[Date "2017.09.16"]
[Round "3"]
[White "Bianchi, David"]
[Black "Roguin, Nestor H"]
[Result "1-0"]
[WhiteElo "1671"]
[BlackElo "1850"]
[PlyCount "81"]
[EventDate "2017.09.12"]
[EventType "swiss"]
[EventRounds "7"]
[EventCountry "ARG"]
[SourceTitle "CBM 180 Extra"]
[Source "ChessBase"]
[SourceDate "2017.10.06"]
[SourceVersion "1"]
[SourceVersionDate "2017.10.06"]
[SourceQuality "1"]

1. Nc3 c5 2. e4 Nc6 3. f4 g6 4. Nf3 Bg7 5. a3 d6 6. Bc4 e6 7. 0-0 Nf6 8. d3 0-0 9. Kh1 a6 10. Qe1 b5 11. Bb3 Bb7 12. Bd2 Qc7 13. Qh4 Nd4 14. Nxd4 cxd4 15. Ne2 Nd7 16. a4 Nc5 17. Ba2 Nxa4 18. Bb3 Nc5 19. Ba5 Qc6 20. Rac1 f5 21. Qh3 Rae8 22. exf5 Rxf5 23. Ng3 Rff8 24. Ba2 Kh8 25. Rce1 Bc8 26. Ne4 e5 27. Qh4 Nxe4 28. Rxe4 d5 29. Re2 e4 30. Bb4 Bf6 31. Qg3 Rf7 32. dxe4 Be6 33. exd5 Bxd5 34. Rxe8+ Qxe8 35. Bxd5 Rc7 36. Bb3 Rd7 37. Qd3 Kg7 38. Re1 Qb8 39. Re4 Qc7 40. Re8 h6 41. Rg8+ 1-0

[Event "Philidor CC op 14th"]
[Site "Moron"]
[Date "2017.07.29"]
[Round "7"]
[White "Plana, Jose"]
[Black "Bianchi, David"]
[Result "0-1"]
[WhiteElo "1668"]
[BlackElo "1670"]
[PlyCount "102"]
[EventDate "2017.07.18"]
[EventType "swiss"]
[EventRounds "7"]
[EventCountry "ARG"]
[SourceTitle "EXT 2019"]
[Source "ChessBase"]
[SourceDate "2018.10.10"]
[SourceVersion "1"]
[SourceVersionDate "2018.10.10"]
[SourceQuality "1"]

1. d4 d5 2. c4 Nf6 3. Nc3 e6 4. cxd5 exd5 5. Bg5 Be7 6. e3 0-0 7. Nf3 Bg4 8. h3 Be6 9. Bd3 Nbd7 10. 0-0 c5 11. b3 a6 12. Rc1 b5 13. Bf4 Qa5 14. Bb1 Rfc8 15. Ne5 c4 16. Nxd7 Nxd7 17. e4 Nf6 18. e5 Ne8 19. Bd2 b4 20. Qc2 g6 21. Na4 Bf5 22. Qd1 Bxb1 23. Rxb1 c3 24. Bh6 c2 25. Qe2 cxb1Q 26. Rxb1 Rc6 27. Rb2 Qd8 28. Qg4 Ng7 29. Bxg7 Kxg7 30. f4 h5 31. Qf3 Rac8 32. f5 gxf5 33. Qxf5 Rg6 34. Rf2 Rc1+ 35. Kh2 Qe8 36. Qxh5 Qc6 37. Qf3 Qe6 38. Nb2 Bh4 39. Rf1 Bg3+ 40. Kh1 Rxf1+ 41. Qxf1 a5 42. Nd3 Qa6 43. Qf3 Qc6 44. Nc5 Bxe5 45. Qe3 Bg3 46. Nd3 Qc2 47. Ne1 Qb1 48. Kg1 Bxe1 49. Qe5+ Rf6 50. Qg5+ Qg6 51. Qxd5 Bg3 0-1

[Event "Philidor CC op 14th"]
[Site "Moron"]
[Date "2017.07.20"]
[Round "2"]
[White "Gutierrez, Ezequiel"]
[Black "Bianchi, David"]
[Result "1-0"]
[WhiteElo "2029"]
[BlackElo "1670"]
[PlyCount "61"]
[EventDate "2017.07.18"]
[EventType "swiss"]
[EventRounds "7"]
[EventCountry "ARG"]
[SourceTitle "EXT 2019"]
[Source "ChessBase"]
[SourceDate "2018.10.10"]
[SourceVersion "1"]
[SourceVersionDate "2018.10.10"]
[SourceQuality "1"]

1. d4 d5 2. Nf3 g6 3. c4 c6 4. Nc3 dxc4 5. a4 b6 6. e3 Ba6 7. Ne5 Bg7 8. Nxc4 Nf6 9. Bd2 0-0 10. Qf3 Nd5 11. Rc1 e6 12. Be2 Qe7 13. 0-0 Bb7 14. Qg3 Nd7 15. Nd6 N7f6 16. Nxb7 Qxb7 17. Bf3 Rac8 18. e4 Ne7 19. Rfe1 Qd7 20. Be3 Ne8 21. b4 a6 22. Be2 Nc7 23. d5 Na8 24. Bxa6 Rb8 25. dxc6 Qxc6 26. Nd5 Qe8 27. Bb5 exd5 28. Bxe8 Rfxe8 29. exd5 Nf5 30. Qf3 Nd6 31. Rc6 1-0